Statistics for Most Beautiful Cities In The World

Click here to take the quiz!

General Stats

  • This quiz has been taken 85 times
  • The average score is 11 of 21

Answer Stats

Answer% Correct
Paris
98%
London
96%
Sydney
90%
Venice
89%
Istanbul
85%
Amsterdam
80%
Rio De Janeiro
80%
New York
76%
Hong Kong
61%
Singapore
58%
Kyoto
45%
Barcelona
40%
Cape Town
40%
Florence
36%
Lisbon
31%
Saint Petersburg
30%
Havana
19%
Jaipur
14%
Chefchaouen
8%
Beirut
6%
Queenstown
3%

Score Distribution

Percentile by Number Answered

Percent of People with Each Score

Your Score History

You have not taken this quiz